|
|
|
|
| LEADER |
00000nab a2200000 a 4500 |
| 001 |
vtls000502308 |
| 003 |
SK-MaSNL |
| 005 |
20260309145325.0 |
| 008 |
250425c1993 xo 0 slo |
| 015 |
|
|
|a SNBRB19rr/mm-uuuuu
|
| 035 |
|
|
|a CL0502446
|
| 035 |
|
|
|a urn:nbn:sk:snk-ab7hmd
|
| 035 |
|
|
|a (urnnbn)urn:nbn:sk:snk:ar-005sxu
|
| 035 |
|
|
|a (uuid)bd845907-da98-4f84-a967-9ad80a599110
|
| 040 |
|
|
|a SNKBUCL
|b slo
|c SNKBUCL
|e AACR2
|
| 041 |
0 |
|
|a eng
|
| 044 |
|
|
|a xo
|c SK
|
| 080 |
|
|
|a 547.77:547.551:54.024:542.943:543.42
|2 1981
|
| 080 |
|
|
|a 547.551
|2 1981
|
| 080 |
|
|
|a 54.024
|2 1981
|
| 080 |
|
|
|a 542.943
|2 1981
|
| 080 |
|
|
|a 543.42
|2 1981
|
| 100 |
1 |
|
|a Omelka, L.
|4 aut
|9 1186500
|
| 245 |
1 |
0 |
|a Oxidation of Substituted 3-Anilinopyrazoles with RO2° Radicals, Studied by EPR Spectroscopy
|c L. Omelka, M. Schulz
|
| 300 |
|
|
|b Obr. 2, sch. 2, tab. 1, lit. 12 zázn. v angl.
|
| 650 |
0 |
7 |
|a anilinopyrazoly
|2 snkbucl
|9 1633368
|
| 650 |
0 |
7 |
|a radikály
|2 snkbucl
|9 49529
|
| 650 |
0 |
7 |
|a spektroskopia EPR
|2 snkbucl
|9 1218609
|
| 655 |
|
7 |
|a články z novín a časopisov
|2 snkbucl
|9 267496
|
| 700 |
1 |
|
|a Schulz, M.
|4 aut
|9 1345845
|
| 773 |
0 |
|
|t Chemical papers. Chemické zvesti
|g Roč. 47, č. 3 (1993), s. 153-155
|x 0366-6352
|
| 850 |
|
|
|a Slovenská národná knižnica
|
| 852 |
|
|
|a Slovenská národná knižnica
|
| 958 |
|
|
|a article7
|
| 958 |
|
|
|a OND
|
| 958 |
|
|
|a NB
|
| 958 |
|
|
|a RK
|
| 958 |
|
|
|a DE
|
| 958 |
|
|
|a EUIPO
|
| 992 |
|
|
|a RBX
|
| 999 |
|
|
|c 3365591
|d 3367521
|